Statistics for Professional SSBU Players

Click here to take the quiz!

General Stats

  • This quiz has been taken 47 times
    (5 since last reset)
  • The average score is 39 of 50

Answer Stats

PlayerMainNotable Secondaries/Co-mains% Correct
Sparg0CloudPyra/Mythra
100%
RiddlesKazuyaTerry
100%
LuugiLuigiNone
100%
AsimoRyuKen
100%
YauraSamusDark Samus
100%
ApolloKageSnakeNone
100%
SonixSonicNone
100%
GlutonnyWarioNone
100%
YoshidoraYoshiNone
100%
Bloom4EvaBayonettaNone
80%
LimaBayonettaNone
80%
TweekDiddy KongSephiroth
80%
TildeFalcoNone
80%
LightFoxNone
80%
Big DIce ClimbersNone
80%
SkyjayIncineroarNone
80%
MkLeoJokerByleth
80%
KuramaMarioNone
80%
MaisterMr. Game & WatchNone
80%
MiyaMr. Game & WatchNone
80%
GacktNessNone
80%
ChasePalutenaPyra/Mythra
80%
MuteAcePeachPalutena
80%
ESAMPikachuMii Brawler
80%
zackrayPitJoker, R.O.B.
80%
QuiddPokemon TrainerNone
80%
ShutonPyra/MythraOlimar
80%
CosmosPyra/MythraInkling, Corrin
80%
ZombaR.O.B.None
80%
MKBigBossR.O.B.None
80%
DabuzRosalina & LumaOlimar, Min Min
80%
KolaRoyCloud
80%
SisquiSamusDark Samus
80%
KENSonicSephiroth
80%
KamemeSoraMega Man
80%
OninSteveNone
80%
acolaSteveKazuya
80%
Ouch!?WolfNone
80%
JakalWolfJoker
80%
MarssZero Suit SamusNone
80%
HeroBowserNone
60%
JogibuCaptain FalconNone
60%
ShadicCorrinNone
60%
UmekiDaisyNone
60%
ProtoBanhamLucinaMin Min
60%
TeaPAC-MANKazuya
60%
DIOSnakeNone
60%
KobeYoung LinkLink
60%
JagaimoPalutenaNone
40%
MashaWolfNone
40%

Score Distribution

Percentile by Number Answered

Percent of People with Each Score

Your Score History

You have not taken this quiz since the last reset